| 000 -LEADER |
| fixed length control field |
02251cam a2200397 i 4500 |
| 001 - CONTROL NUMBER |
| control field |
19235227 |
| 003 - CONTROL NUMBER IDENTIFIER |
| control field |
NUST |
| 005 - DATE AND TIME OF LATEST TRANSACTION |
| control field |
20220721093630.0 |
| 008 - FIXED-LENGTH DATA ELEMENTS--GENERAL INFORMATION |
| fixed length control field |
160818t20182018nyua 001 0 eng |
| 010 ## - LIBRARY OF CONGRESS CONTROL NUMBER |
| LC control number |
2016036095 |
| 020 ## - INTERNATIONAL STANDARD BOOK NUMBER |
| International Standard Book Number |
9780134439419 |
| 020 ## - INTERNATIONAL STANDARD BOOK NUMBER |
| International Standard Book Number |
0134439414 |
| 040 ## - CATALOGING SOURCE |
| Original cataloging agency |
DLC |
| Language of cataloging |
eng |
| Transcribing agency |
DLC |
| Description conventions |
rda |
| Modifying agency |
DLC |
| 042 ## - AUTHENTICATION CODE |
| Authentication code |
pcc |
| 050 00 - LIBRARY OF CONGRESS CALL NUMBER |
| Classification number |
QA303.2 |
| Item number |
.F565 2018 |
| 082 00 - DEWEY DECIMAL CLASSIFICATION NUMBER |
| Classification number |
515, HAS |
| Edition number |
23 |
| 100 1# - MAIN ENTRY--PERSONAL NAME |
| Personal name |
Hass, Joel. |
| 245 10 - TITLE STATEMENT |
| Title |
Thomas' calculus : |
| Remainder of title |
early transcendentals : single variable : based on the original work by George B. Thomas, Jr., Massachusetts Institute of Technology. |
| 246 30 - VARYING FORM OF TITLE |
| Title proper/short title |
Early transcendentals : |
| Remainder of title |
single variable |
| 250 ## - EDITION STATEMENT |
| Edition statement |
Fourteenth edition / |
| Remainder of edition statement |
as revised by Joel Hass, University of California, Davis, Christopher Heil, Georgia Institute of Technology, Maurice D. Weir, Naval Postgraduate School. |
| 264 #1 - PRODUCTION, PUBLICATION, DISTRIBUTION, MANUFACTURE, AND COPYRIGHT NOTICE |
| Place of production, publication, distribution, manufacture |
New York, New York : |
| Name of producer, publisher, distributor, manufacturer |
Pearson, |
| Date of production, publication, distribution, manufacture, or copyright notice |
[2018] |
| 264 #4 - PRODUCTION, PUBLICATION, DISTRIBUTION, MANUFACTURE, AND COPYRIGHT NOTICE |
| Date of production, publication, distribution, manufacture, or copyright notice |
©2018 |
| 300 ## - PHYSICAL DESCRIPTION |
| Extent |
1 volume (various pagings) : |
| Other physical details |
illustrations (some color) ; |
| Dimensions |
28 cm |
| 336 ## - CONTENT TYPE |
| Content type term |
text |
| Content type code |
txt |
| Source |
rdacontent |
| 337 ## - MEDIA TYPE |
| Media type term |
unmediated |
| Media type code |
n |
| Source |
rdamedia |
| 338 ## - CARRIER TYPE |
| Carrier type term |
volume |
| Carrier type code |
nc |
| Source |
rdacarrier |
| 505 ## - FORMATTED CONTENTS NOTE |
| Formatted contents note |
Functions (Page-1), Limits and Continuity (Page-38), Derivative (Page-102), Applications of Derivatives (Page-183), Integration (Page-248), Applications of Definite Integrals (Page-314), Transcendental Functions (Page-370), Techniques of Integration (Page-447), First Order Defferential Equations (Page-526), Infinite Sequences and Series (Page-563), Parametric Equations and Polar Coordinates (Page-649), Vectors and the Geometry of Space (Page-700), Vector Valued Functions and Motion in space (Page-749), Partial Derivatives (Page-792), Multiple Integrals (Page-883), Integrals and Vector Fields (Page-955), Second order Differential Equations. (Online at www. pearsoned.co.in/georggebthomasjr) |
| 650 #0 - SUBJECT ADDED ENTRY--TOPICAL TERM |
| Topical term or geographic name entry element |
Calculus |
| Form subdivision |
Textbooks. |
| 9 (RLIN) |
4507 |
| 650 #0 - SUBJECT ADDED ENTRY--TOPICAL TERM |
| Topical term or geographic name entry element |
Geometry, Analytic |
| Form subdivision |
Textbooks. |
| 9 (RLIN) |
4508 |
| 650 #0 - SUBJECT ADDED ENTRY--TOPICAL TERM |
| Topical term or geographic name entry element |
Transcendental numbers |
| Form subdivision |
Textbooks. |
| 9 (RLIN) |
18019 |
| 700 1# - ADDED ENTRY--PERSONAL NAME |
| Personal name |
Heil, Christopher, |
| Dates associated with a name |
1960- |
| 9 (RLIN) |
18020 |
| 700 1# - ADDED ENTRY--PERSONAL NAME |
| Personal name |
Weir, Maurice D. |
| 9 (RLIN) |
4506 |
| 906 ## - LOCAL DATA ELEMENT F, LDF (RLIN) |
| a |
7 |
| b |
cbc |
| c |
orignew |
| d |
1 |
| e |
ecip |
| f |
20 |
| g |
y-gencatlg |
| 942 ## - ADDED ENTRY ELEMENTS (KOHA) |
| Source of classification or shelving scheme |
|
| Koha item type |
Book |